LEADER 01205nam a2200277 4500 001 000000347997 003 CaOOAMICUS 005 20211001113103.0 008 211001s2015 it 000 u ita r 020 $a978-88-04-65423-0 040 $aSeMil$bita 100 1 $aFerrari, Vanessa,$d<1990- >.$0(OLS)http://semarc/name/114750 245 10$aEffetto Farfalla :$bla mia vita raccontata a Marco Archetti /$cVanessa Ferrari. 264 1$aMilano :$bMondadori,$c2015. 300 $a196 p. ;$c21 cm 490 1 $aStrade blu. Non fiction 650 4$aFerrari, Vanessa <1990- > - Autobiografia.$0(OLS)http://semarc/subject/51005 700 1 $aArchetti, Marco,$d<1976- >.$0(OLS)http://semarc/name/114751 830 0$aStrade blu. Non fiction.$0(OLS)http://semarc/title/38302 850 $aSeMil 852 $aSeMil$W1$xVenegono$y1$m3J I 425$j238833$B239037$CSeMilBibl$Z2$F239037 $81 961 $aPerego don Stefano - Omaggio 996 $6020$a978-88-04-65423-0$9(OLS)http://semarc/number/294202 996 $6245$aEffetto Farfalla :$bla mia vita raccontata a Marco Archetti$9(OLS)http://semarc/title/437311 996 $6264$aMilano :$bMondadori$9(OLS)http://semarc/publisher/30335 LEADER 00718nam a2200193 i 4500 001 000000247572 003 CaOOAMICUS 005 20160121000000.0 008 160121s1845 it u000 u ita u 013 $a226477 040 $aSeMil$bita 245 10$aVol. 1. 300 $a345 p., [65] c. di tav. :$bill. color. 500 $aDalla biblioteca del Card. Colombo. 773 0 $aCibrario, Luigi <1802-1870>$tDescrizione storica degli ordini religiosi.$dTorino : Stabilimento tipografico Fontana, 1845.$g1$w()31291 850 $aSeMil 852 $aSeMil$W1$xVenegono$y1$m3G VI 35 FA$j197918$B197918$CSeMilBibl$Z2$F209095 $8I 961 $aLascito: Colombo Card. Giovanni 996 $6245$aVol. 1$9(OLS)http://semarc/title/13429